Liberalizing international transactions in services : a handbook

Bibliographic Details
Corporate Author: United Nations Conference on Trade and Development
Other Authors: Primo,
Format: Book
Published: New York: United Nations, 1994.
Subjects:
LEADER 00767cam a2200181 7i4500
001 0000002745
005 19991025090000.0
002 ##000004005
020 0 0 |a 92-1-104432-4  
090 0 0 |a B 330.9   |b LIB 
245 0 0 |a Liberalizing international transactions in services :   |b a handbook   |c Carlos A. Primo Braga...[et al]. 
260 0 0 |a New York:   |b United Nations,   |c 1994. 
300 0 0 |a 182p. 
500 0 0 |a The objective of this handbook is to help developing countries assess and implement policies aimed at improving the efficiency of their service industries 
650 0 0 |a Developing countries --   |x Economic conditions  
700 1 1 |a Primo,   |h Carlos A  
710 0 0 |a United Nations Conference on Trade and Development  
999 |a 0000004452  |b Book  |c Open shelf  |e Business Information Centre